000 00549nam a2200193Ia 4500
008 180207s9999 xx 000 0 und d
020 _a9780837850681
050 _bD252 1984
100 _aDavidson, Alice Joyce
245 4 _aThe story of Jonah /
245 _cby Alice Joyce Davidson ; illustrated by Victoria Marshall.
260 _aNorwalk, Connecticut :
260 _bThe C.R. Gibson Company,
260 _c1984
300 _aunpaged :
300 _bchiefly colored ;
300 _c21cm.
440 _aAn Alice in bibleland storybook.
999 _c355751
_d355751